[Event "Montebelluna Elite 2020"]
[Site "Montebelluna"]
[Date "2020.01.03"]
[Round "3.1"]
[White "Morozov, Nichita"]
[Black "Martinez Alcantara, Jose Eduardo"]
[Result "0-1"]
[WhiteElo "2388"]
[BlackElo "2606"]
[Annotator "TA"]
[PlyCount "72"]
[EventDate "2020.01.02"]
[EventType "swiss"]
[EventCountry "ITA"]
[SourceTitle "playchess.com"]
[Source "ChessBase"]
[SourceQuality "1"]

{[%evp 25,72,15,14,-14,4,0,0,4,19,-4,9,-12,0,0,0,0,0,0,0,-4,0,0,-8,0,-10,-13,0,0,-9,-9,11,18,15,20,27,33,45,-495,-503,-485,-503,-480,-495,-688,-669,-728,-700,-1043,-1033]} 1. d4 Nf6 2. Nf3 e6 3. e3 b6 4. Bd3 Bb7 5. Nbd2 c5 6. b3 Be7 7. Bb2 O-O 8. O-O cxd4 9. exd4 d6 10. Re1 Nbd7 11. c4 Rc8 12. Qe2 Re8 13. Rad1 Bf8 14. Bb1 {E14: Queen's Indian: Classical Variation (4 e3)} Qc7 15. Qe3 $146 ({Predecessor:} 15. Qd3 g6 16. Qe2 Bg7 17. h3 Nh5 18. Ne4 d5 19. Ned2 dxc4 20. Nxc4 Nf4 21. Qe3 Nf6 {0-1 (45) Turkkan,E (1531)-Yigit,A (2032) Antalya 2019}) 15... a6 16. Rc1 {The position is equal.} Qb8 17. Ng5 d5 18. a3 Bd6 19. g3 h6 20. Ngf3 Ba8 21. Ne5 dxc4 22. Nxd7 Nxd7 23. bxc4 Nf6 24. Qd3 b5 {aiming for ...bxc4.} 25. d5 bxc4 26. Nxc4 {And now Bxf6 would win.} e5 {...Rxc4! is the strong threat.} 27. Rc2 Rcd8 {Threatens to win with ...Bc5.} 28. Rce2 $1 {[%cal Rc4e5]} e4 29. Rxe4 $40 {[%mdl 128] White has some attack.} Nxe4 30. Rxe4 f5 31. Rg4 $2 {[%mdl 8192]} (31. Rxe8+ $14 {stays ahead.} Rxe8 32. Kf1 (32. Qxf5 Re1+ 33. Kg2 Rxb1 $15)) 31... Re1+ $19 {Black is clearly winning.} 32. Kg2 Bf8 33. Qxf5 Bxd5+ 34. Kh3 {[#]} Rxb1 $1 {[%mdl 576] Deflection} 35. Qxb1 h5 36. Rg5 Qc8+ {[%mdl 64] Double Attack. Accuracy: White = 47%, Black = 65%.} 0-1

[Event "Montebelluna Elite 2020"]
[Site "Montebelluna"]
[Date "2020.01.03"]
[Round "3.2"]
[White "Erigaisi Arjun"]
[Black "Can, Isik"]
[Result "1-0"]
[WhiteElo "2575"]
[BlackElo "2374"]
[Annotator "TA"]
[PlyCount "78"]
[EventDate "2020.01.02"]
[EventType "swiss"]
[EventCountry "ITA"]
[SourceTitle "playchess.com"]
[Source "ChessBase"]
[SourceQuality "1"]

{[%evp 9,78,15,12,24,22,28,31,8,7,-16,-14,-6,23,8,15,0,29,-5,49,0,66,56,64,68,59,59,74,66,61,54,82,60,87,79,86,72,72,72,67,61,61,61,61,61,61,61,61,61,61,61,61,61,61,61,61,61,61,27,21,8,21,15,385,380,372,372,29983,29984,29986,29987,29998]} 1. Nf3 d5 2. c4 c6 3. e3 Bg4 4. Qb3 Qc7 5. Ne5 Be6 ({Don't blunder} 5... Qxe5 $2 6. Qxb7 Nf6 7. f3 $18) 6. d4 {A11: English Opening: 1...c6} Nd7 7. Nxd7 Bxd7 8. Nc3 {White is slightly better.} e6 9. e4 $146 ({Predecessor:} 9. Bd2 Nf6 10. Rc1 Qb6 11. Qc2 Be7 {1-0 (35) Swiercz,D (2637)-Solak,D (2624) Kocaeli 2017}) 9... dxe4 10. Nxe4 Be7 11. g3 Nf6 12. Bg2 $36 {[%mdl 2048] White has some pressure.} Qb6 13. Qd3 Bb4+ ({Black should play} 13... Nxe4 $11 14. Bxe4 e5) 14. Ke2 {Hoping for c5.} Be7 ({Better is} 14... Nxe4 $11 15. Bxe4 O-O-O) 15. c5 $14 Qd8 16. Bf4 O-O 17. Nxf6+ $1 Bxf6 18. Be4 h6 19. h4 Be7 20. Qc3 f5 21. Bc2 Be8 22. Be5 Bf6 23. Rad1 b5 24. f3 a5 25. Kf2 a4 26. Rhe1 Bf7 27. b3 axb3 28. Bxb3 Re8 29. Qc1 Ra7 {[%cal Ba8a7,Ba7d7,Bd7d3][%mdl 32]} 30. Kg2 $1 Be7 31. Kh3 Bf6 32. Rg1 Rd7 33. Qf4 Bxe5 34. dxe5 Rd3 35. g4 fxg4+ $2 {[%mdl 8192]} (35... Bg6 $1 $11) 36. Qxg4 $18 {[%csl Gg1][%cal Rg4g7] [#]} g6 37. Bc2 h5 $2 (37... Rxd1 $18 38. Rxd1 Qe7 39. Bxg6 Kh8) 38. Qxh5 Rxd1 {[#]} 39. Bxg6 $1 {[%mdl 512]} Rd4 {Accuracy: White = 60%, Black = 51%.} 1-0

[Event "Montebelluna Elite 2020"]
[Site "Montebelluna"]
[Date "2020.01.03"]
[Round "3.3"]
[White "Ter-Sahakyan, Samvel"]
[Black "Sankalp Gupta"]
[Result "1-0"]
[WhiteElo "2617"]
[BlackElo "2400"]
[Annotator "TA"]
[PlyCount "71"]
[EventDate "2020.01.02"]
[EventType "swiss"]
[EventCountry "ITA"]
[SourceTitle "playchess.com"]
[Source "ChessBase"]
[SourceQuality "1"]

{[%evp 9,71,-3,27,0,35,18,16,25,27,8,49,57,58,39,41,30,75,46,103,102,91,92,84,82,126,134,175,167,167,170,191,160,212,221,265,207,256,260,272,285,270,267,264,251,268,247,318,314,285,307,316,274,381,397,516,500,502,486,516,522,855,837,790,778]} 1. e4 c6 2. Nf3 d5 3. d3 g6 (3... dxe4 4. dxe4 Qxd1+ 5. Kxd1 Nf6 6. Nfd2 Ng4 7. Ke1 e5 8. Nc4 b5 9. Ne3 Bc5 10. Nxg4 Bxg4 11. a4 b4 12. a5 {1-0 (41) Giri,A (2779)-Nepomniachtchi,I (2774) Amsterdam 2019}) 4. Qe2 Bg7 5. g3 Bg4 6. Bg2 {B10: Caro-Kann: 2 d3 and 2 c4} Nd7 7. Nbd2 e5 $146 ({Predecessor:} 7... e6 8. O-O Ne7 9. h3 Bxf3 10. Nxf3 O-O 11. e5 c5 12. c4 Qc7 13. Bf4 Rab8 {½-½ (52) Arizmendi Martinez,J (2540)-Nguyen,N (2555) Turin 2006}) 8. h3 {The position is equal.} Bxf3 9. Nxf3 Ne7 10. h4 h6 11. O-O O-O 12. b3 f5 13. Bb2 fxe4 ({Black should play} 13... Qc7 $14) 14. dxe4 $16 d4 15. Ne1 c5 16. Nd3 b5 17. Bh3 c4 18. bxc4 bxc4 19. Be6+ {[%mdl 64] Double Attack} Kh7 20. Bxc4 Nb6 {[#]} (20... Rc8 $16 {might work better.}) 21. Bb3 $1 $18 Rc8 22. Rac1 a5 {[#]} 23. c3 $1 a4 24. Be6 Rc6 25. Bh3 Nc4 26. Ba1 Qd6 27. Bg2 Rc7 28. cxd4 exd4 29. h5 g5 30. Rfe1 Rd8 31. e5 Qe6 32. Rc2 {White is clearly winning.} Kh8 33. Rec1 Rcc8 34. Bb7 Rb8 35. Rxc4 Rxb7 36. Nc5 {[%mdl 64] Double Attack. Accuracy: White = 84%, Black = 41%.} 1-0

[Event "Montebelluna Elite 2020"]
[Site "Montebelluna"]
[Date "2020.01.03"]
[Round "3.4"]
[White "Rahul Srivatshav P"]
[Black "Delchev, Aleksander"]
[Result "1/2-1/2"]
[WhiteElo "2444"]
[BlackElo "2550"]
[Annotator "TA"]
[PlyCount "52"]
[EventDate "2020.01.02"]
[EventType "swiss"]
[EventCountry "ITA"]
[SourceTitle "playchess.com"]
[Source "ChessBase"]
[SourceQuality "1"]

{[%evp 22,52,7,0,5,5,3,0,0,0,0,15,6,0,0,7,7,7,5,6,9,0,0,0,0,0,9,10,10,8,11,16,10]} 1. d4 Nf6 2. c4 e6 3. Nc3 Bb4 4. Nf3 Bf8 5. Ng1 Bb4 6. Qc2 d5 7. cxd5 Qxd5 8. e3 c5 9. Bd2 Bxc3 10. Bxc3 cxd4 11. Bxd4 Nc6 12. Bc3 {The position is equal.} O-O {E34: Nimzo-Indian: Classical: 4...d5} 13. Nf3 Rd8 14. Be2 Qe4 15. Rc1 {[%cal Ba1c1,Bc1c2,Bc2c7][%mdl 32]} Qxc2 16. Rxc2 Nd5 (16... Bd7 17. Ne5 Nxe5 18. Bxe5 Rac8 19. Rxc8 Rxc8 20. O-O {½-½ (36) So,W (2754)-Carlsen,M (2875) Zagreb 2019}) 17. Ne5 Nxe5 18. Bxe5 f6 19. Bc7 Nxc7 20. Rxc7 {[#]} Rd7 $146 21. Rc1 e5 22. Bc4+ Kf8 23. Ke2 Re7 24. Rhd1 Bf5 25. Bb5 Bg4+ 26. f3 Be6 1/2-1/2

[Event "Montebelluna Elite 2020"]
[Site "Montebelluna"]
[Date "2020.01.03"]
[Round "3.5"]
[White "Gaehwiler, Gabriel"]
[Black "Radovanovic, Mihajlo"]
[Result "1-0"]
[WhiteElo "2394"]
[BlackElo "2485"]
[Annotator "ChessBase"]
[PlyCount "77"]
[EventDate "2020.01.02"]
[EventType "swiss"]
[EventCountry "ITA"]
[SourceTitle "playchess.com"]
[Source "ChessBase"]
[SourceQuality "1"]
[TimeControl "5400+30"]

1. d4 {[%emt 0:06:00]} d6 {[%emt 0:00:00]} 2. Nf3 {[%emt 0:05:26]} g6 {[%emt 0:00:07]} 3. g3 {[%emt 0:04:48]} Bg7 {[%emt 0:00:10]} 4. Bg2 {[%emt 0:00:07]} e5 {[%emt 0:03:29]} 5. dxe5 {[%emt 0:08:38]} dxe5 {[%emt 0:00:02]} 6. Qxd8+ {[%emt 0:00:09]} Kxd8 {[%emt 0:00:02]} 7. O-O {[%emt 0:07:23]} f6 {[%emt 0:06:55]} 8. Rd1+ {[%emt 0:01:37]} Ke8 {[%emt 0:00:29]} 9. Nc3 {[%emt 0:02:56]} Na6 {[%emt 0:00:34]} 10. Ne1 {[%emt 0:04:42]} Nh6 {[%emt 0:02:37]} 11. Nd3 {[%emt 0:03:51]} Nf7 {[%emt 0:02:29]} 12. b4 {[%emt 0:02:45]} e4 {[%emt 0:03:07]} 13. b5 {[%emt 0:06:40]} f5 {[%emt 0:01:41]} 14. Bd2 {[%emt 0:23:31]} Nb8 {[%emt 0:15:53]} 15. Nf4 {[%emt 0:06:17]} c6 {[%emt 0:01:37]} 16. Rab1 {[%emt 0:00:27]} Be5 {[%emt 0:02:44]} 17. bxc6 {[%emt 0:02:03]} bxc6 {[%emt 0:02:17]} 18. Na4 {[%emt 0:02:28]} g5 {[%emt 0:05:52]} 19. Nh5 {[%emt 0:01:43]} Ba6 {[%emt 0:00:06]} 20. Bf1 {[%emt 0:03:54]} Nd7 {[%emt 0:03:01]} 21. Bc3 {[%emt 0:00:42]} Bxc3 {[%emt 0:01:44]} 22. Nxc3 {[%emt 0:00:02]} Ke7 {[%emt 0:02:17]} 23. g4 {[%emt 0:01:23]} fxg4 {[%emt 0:00:58]} 24. Nxe4 {[%emt 0:00:05]} Rab8 {[%emt 0:04:19]} 25. Rb3 {[%emt 0:00:21]} Rxb3 {[%emt 0:04:51]} 26. axb3 {[%emt 0:00:03]} Bc8 {[%emt 0:04:02]} 27. Ra1 {[%emt 0:01:09]} a6 {[%emt 0:00:01]} 28. e3 {[%emt 0:00:49]} Nde5 {[%emt 0:02:27]} 29. Bxa6 {[%emt 0:00:17]} Bf5 {[%emt 0:03:01]} 30. Bd3 {[%emt 0:01:13]} Rd8 {[%emt 0:00:44]} 31. Nc5 {[%emt 0:00:52]} Rd5 {[%emt 0:02:48]} 32. Ra7+ {[%emt 0:00:50]} Kf8 {[%emt 0:01:36]} 33. Ra8+ {[%emt 0:00:08]} Ke7 {[%emt 0:00:05]} 34. Ra7+ {[%emt 0:00:07]} Kf8 {[%emt 0:00:00]} 35. b4 {[%emt 0:00:57]} Nf3+ {[%emt 0:07:15]} 36. Kg2 {[%emt 0:00:19]} Bc8 {[%emt 0:01:21]} 37. Bc4 {[%emt 0:01:10]} Nh4+ {[%emt 0:01:10]} 38. Kf1 {[%emt 0:01:57]} g3 {[%emt 0:00:03]} 39. Bxd5 {[%emt 0:01:41]} 1-0

[Event "Montebelluna Elite 2020"]
[Site "Montebelluna"]
[Date "2020.01.03"]
[Round "3.6"]
[White "Barseghyan, Harutyun"]
[Black "Lazov, Toni"]
[Result "1-0"]
[WhiteElo "2459"]
[BlackElo "2420"]
[Annotator "TA"]
[PlyCount "49"]
[EventDate "2020.01.02"]
[EventType "swiss"]
[EventCountry "ITA"]
[SourceTitle "playchess.com"]
[Source "ChessBase"]
[SourceQuality "1"]

{[%evp 9,49,9,50,49,54,46,62,58,60,58,59,64,58,58,58,56,79,100,286,323,297,296,293,225,279,222,229,229,225,227,227,227,223,228,225,224,1502,1381,1971,1965,1443,1420]} 1. d4 Nf6 2. Nf3 g6 3. Nbd2 Bg7 4. e4 O-O 5. e5 (5. Bd3 d6 6. O-O c5 7. c3 Qc7 8. h3 Nc6 9. d5 Ne5 10. Nxe5 dxe5 11. Re1 Ne8 12. a4 Nd6 13. Nc4 e6 14. Nxd6 Qxd6 15. Bc4 exd5 16. Bxd5 {½-½ (45) Grischuk,A (2767)-Mamedyarov,S (2809) Moscow 2018}) 5... Ne8 6. h4 {A48: 1 d4 Nf6 2 Nf3 g6: Torre, London and Colle Systems} d6 7. h5 dxe5 $146 ({Predecessor:} 7... Nc6 8. exd6 cxd6 9. c3 Bg4 10. hxg6 hxg6 11. Be2 e5 12. dxe5 dxe5 {1-0 (34) Baron,T (2532)-Pogosyan,S (2365) St Petersburg 2018}) 8. dxe5 {White is slightly better.} Nc6 9. hxg6 hxg6 10. c3 {Hoping for Qa4.} Nxe5 11. Nxe5 Bxe5 12. Qa4 $1 {[%cal Ra4h4]} Bg7 {[#]} 13. Qh4 $1 {[%csl Gh1][%cal Rh4h7][%mdl 1536] White has strong compensation.} f6 $2 (13... Nf6 $16 {keeps fighting.}) 14. Bc4+ $18 e6 15. Nf3 {Strongly threatening Ne5!} ({Much less strong is} 15. Qh7+ Kf7 $18) 15... Nd6 16. Qh7+ $40 {[%mdl 128] White is out for blood.} Kf7 {...Rh8 is the strong threat.} 17. Bh6 Rg8 18. Bd3 $1 Nf5 19. Bxf5 $1 exf5 {[#]} 20. Nh4 $1 {aiming for 0-0.} g5 {[#]} 21. Qg6+ $1 Kf8 22. Nxf5 {[%cal Rh6g7]} Bxf5 $2 (22... Qe8+ 23. Qxe8+ Kxe8) 23. Bxg7+ {White is clearly winning.} Ke7 24. Qxf6+ Ke8 25. Qxf5 {Accuracy: White = 98%, Black = 29%.} 1-0

[Event "Montebelluna Elite 2020"]
[Site "Montebelluna"]
[Date "2020.01.03"]
[Round "3.7"]
[White "Yurtseven, Melih"]
[Black "Sonis, Francesco"]
[Result "0-1"]
[WhiteElo "2385"]
[BlackElo "2458"]
[Annotator "TA"]
[PlyCount "58"]
[EventDate "2020.01.02"]
[EventType "swiss"]
[EventCountry "ITA"]
[SourceTitle "playchess.com"]
[Source "ChessBase"]
[SourceQuality "1"]

{[%evp 9,128,-38,27,0,13,14,17,12,6,2,36,15,22,4,29,19,14,25,22,-24,-30,-27,-35,-47,-43,-52,-56,-80,-68,-104,-100,-95,-85,-183,-179,-185,-150,-158,-122,-121,-127,-152,-146,-182,-175,-190,-187,-334,-332,-322,-270,-397,-332,-327,-251,-254,-249,-262,-258,-253,-201,-215,-204,-240,-225,-230,-225,-270,-281,-281,-270,-265,-239,-775,-793,-736,-724,-667,-287,-289,-265,-269,-278,-704,-701,-679,-605,-448,-64,-60,-68,-315,-320,-301,-308,-421,-343,-346,-337,-336,-338,-299,-304,-296,-290,-506,-307,-297,-275,-240,-246,-1579,-415,-317,0,-965,-473,-29982,-29976,-29981,-29982]} 1. d4 Nf6 2. c4 c6 3. Bf4 Qb6 4. Nf3 $146 ({Predecessor:} 4. Qd2 d5 5. Nc3 Bf5 6. f3 e6 7. g4 Bg6 8. h4 h5 9. g5 Nfd7 10. e3 Na6 {1-0 (29) Ivanchuk,V (2728)-Duda,J (2707) Tbilisi 2017}) 4... Qxb2 5. Nbd2 d5 (5... d6 $15) 6. Rb1 {A50: Queen's Fianchetto Defence (1 d4 Nf6 2 c4 b6)} Qa3 7. e3 e6 8. Be2 {The position is equal.} Qa5 9. O-O Qd8 10. Qc2 Bd6 11. Bg5 Nbd7 12. e4 dxe4 13. Nxe4 Be7 14. Bxf6 Nxf6 15. Nxf6+ {[%mdl 64] Discovered Attack} Bxf6 16. Qe4 O-O 17. Bd3 {[%csl Gd3][%cal Re4h7]} g6 18. Rb3 Bg7 19. Bb1 Qc7 20. c5 Rd8 21. Ne5 (21. Bd3 $17) 21... Rd5 $1 $19 22. f4 Qd8 23. Rd3 f6 24. Nf3 b6 25. Rc1 bxc5 26. dxc5 Rb8 27. Bc2 Bf8 28. Rcd1 (28. Rb3 {might work better.} Bxc5+ 29. Kh1) 28... Bxc5+ 29. Kh1 Rb4 {Played: Rb8-b2} 0-1

[Event "Montebelluna Elite 2020"]
[Site "Montebelluna"]
[Date "2020.01.03"]
[Round "3.8"]
[White "Ozenir, Ekin Baris"]
[Black "Nikolovski, Nikola"]
[Result "1/2-1/2"]
[WhiteElo "2285"]
[BlackElo "2442"]
[Annotator "NA RC"]
[PlyCount "46"]
[EventDate "2020.01.02"]
[EventType "swiss"]
[EventCountry "ITA"]
[SourceTitle "playchess.com"]
[Source "ChessBase"]
[SourceQuality "1"]
[TimeControl "5400+30"]

1. d4 {[%emt 0:01:58]} e6 {[%emt 0:02:19]} 2. c4 {[%emt 0:00:00]} f5 {[%emt 0:02:48]} 3. g3 {[%emt 0:00:00]} Nf6 {[%emt 0:00:07]} 4. Bg2 {[%emt 0:00:00]} g6 {[%emt 0:01:31]} 5. Nf3 {[%emt 0:02:42]} Bg7 {[%emt 0:00:08]} 6. O-O {[%emt 0:01:56]} O-O {[%emt 0:00:08]} 7. Nc3 {[%emt 0:01:31]} d6 {[%emt 0:00:07]} 8. Re1 {[%emt 0:03:10]} Ne4 {[%emt 0:00:49]} 9. Qc2 {[%emt 0:05:41]} Nxc3 {[%emt 0:00:28]} 10. Qxc3 {[%emt 0:10:50]} e5 {[%emt 0:00:46]} 11. e3 {[%emt 0:07:17]} e4 {[%emt 0:05:59]} 12. Nd2 {[%emt 0:02:00]} c5 {[%emt 0:00:39]} 13. f3 {[%emt 0:12:27]} Nc6 {[%emt 0:07:51]} 14. fxe4 {[%emt 0:06:45]} cxd4 {[%emt 0:02:12]} 15. Qc2 {[%emt 0:01:53]} Qb6 {[%emt 0:09:06]} 16. Nf3 {[%emt 0:07:06]} Bd7 {[%emt 0:27:31]} 17. Qb3 {[%emt 0:12:28]} d3 {[%emt 0:16:05]} 18. Qxd3 {[%emt 0:04:24]} fxe4 {[%emt 0:03:40]} 19. Qxe4 {[%emt 0:01:01]} Rae8 {[%emt 0:00:12]} 20. Qd3 {[%emt 0:00:47]} Nb4 {[%emt 0:03:43]} 21. Qb3 {[%emt 0:00:18]} Qc5 {[%emt 0:04:05]} 22. Bd2 {[%emt 0:00:42]} Nc6 {[%emt 0:00:45]} 23. Qb5 {[%emt 0:00:43]} Qf5 {[%emt 0:04:04]} 1/2-1/2

[Event "Montebelluna Elite 2020"]
[Site "Montebelluna"]
[Date "2020.01.03"]
[Round "3.9"]
[White "Zanan, Evgeny"]
[Black "Loiacono, Antonio"]
[Result "1-0"]
[WhiteElo "2503"]
[BlackElo "2295"]
[Annotator "TA"]
[PlyCount "123"]
[EventDate "2020.01.02"]
[EventType "swiss"]
[EventCountry "ITA"]
[SourceTitle "playchess.com"]
[Source "ChessBase"]
[SourceQuality "1"]

{[%evp 10,123,25,18,32,7,11,11,11,0,0,0,0,-20,0,-6,0,-4,-4,-4,4,0,8,13,16,14,11,-1,0,-4,-2,-6,13,0,0,0,0,0,0,0,5,-59,53,50,30,40,40,52,114,110,175,162,175,153,410,406,511,272,271,270,262,230,246,207,210,205,204,202,199,194,239,237,238,242,246,242,279,242,302,302,302,302,1099,1099,1099,1099,1099,1099,1099,1099,1099,1099,1099,1081,1099,1091,1091,1077,1080,1084,1066,1004,921,796,1196,1159,1054,943,513,445,29978,29979,29981,29981,29981,29982]} 1. e4 c6 2. Nf3 d5 3. Nc3 dxe4 4. Nxe4 Nf6 5. Qe2 Nxe4 6. Qxe4 Qd5 {B11: Caro-Kann: Two Knights Variation} (6... Qa5 7. Qh4 Nd7 8. Bc4 Ne5 9. Be2 Nxf3+ 10. Bxf3 Bf5 11. O-O Bxc2 12. d4 e6 13. Qg3 Bg6 14. h4 {1-0 (48) Wei,Y (2721)-Vachier Lagrave,M (2774) chess.com INT 2019}) 7. Qe3 (7. Qf4 {feels hotter.} Qf5 8. d3 g6 9. c3 Bg7 10. Qe3) 7... Bf5 8. c4 Qe4 {The position is equal.} 9. Be2 $146 ({Predecessor:} 9. d3 Qxe3+ 10. fxe3 Nd7 11. Be2 e5 12. e4 Bb4+ 13. Kf2 Be6 14. Be3 {½-½ (44) Romanishin,O-Kholmov,R Vilnius 1975}) 9... Qxe3 10. fxe3 Nd7 11. d4 e6 12. Bd2 Be7 13. b4 O-O 14. O-O Bg6 15. c5 Bf6 16. Bc3 Rfe8 17. Rac1 e5 18. Rfe1 Rad8 19. Bc4 exd4 20. exd4 Be4 21. Re3 {[#] Black must now prevent Rce1.} Bxf3 22. Rxe8+ Rxe8 23. gxf3 Re3 {And now ...Rxc3! would win.} 24. Kg2 Nf8 25. Be1 (25. Ba1 $11) 25... Ne6 (25... Bxd4 $15 26. Rd1 Bf6) 26. Bd2 $36 {[%mdl 2048] White is more active.} Ra3 27. d5 cxd5 28. Bb3 Nd4 ({Black should try} 28... Kf8 $14) 29. Re1 $16 {[%cal Re1e8] [#]} g5 (29... Kf8 $16 30. Bxd5 Nc2) 30. Bc1 $18 ({Don't play} 30. Bxd5 $6 Rd3 $14) 30... Ra6 31. Bxd5 Nc2 $2 (31... Kf8 $16 {was worth a try.} 32. a3 b5) 32. Re4 Kg7 33. a3 Nxa3 34. Bxb7 Ra4 35. Bc6 Ra6 36. b5 Nxb5 37. Bxb5 Ra5 38. Be2 {Threatens to win with c6.} Rxc5 39. Be3 Rc2 40. Bxa7 Ra2 41. Bf2 Rd2 42. Kf1 h5 43. Ra4 Rd7 44. h4 gxh4 45. Bxh4 Rb7 $2 (45... Bc3 46. f4 Rd6) 46. Bxf6+ Kxf6 {[%mdl 4096] Endgame KRB-KR} 47. Kf2 Rb2 48. Ke3 Kg7 49. Bd3 Rb3 50. Rd4 Kf6 51. Kf4 Rb6 52. Rd5 h4 53. Rh5 Rb4+ 54. Be4 Ra4 55. Rxh4 Ra5 56. Rh6+ Kg7 57. Rb6 Rc5 58. Rd6 Ra5 59. Rd7 Ra6 (59... Kf8 $18 60. Bd5 Ke8) 60. Bd5 {White mates.} Rf6+ 61. Ke5 Kg6 62. Rd6 {Accuracy: White = 68%, Black = 39%.} 1-0

[Event "Montebelluna Elite 2020"]
[Site "Montebelluna"]
[Date "2020.01.03"]
[Round "3.10"]
[White "Gokerkan, Cem Kaan"]
[Black "Nandhidhaa, P V"]
[Result "1-0"]
[WhiteElo "2458"]
[BlackElo "2312"]
[Annotator "TA"]
[PlyCount "173"]
[EventDate "2020.01.02"]
[EventType "swiss"]
[EventCountry "ITA"]
[SourceTitle "playchess.com"]
[Source "ChessBase"]
[SourceQuality "1"]

{[%evp 11,173,12,25,11,18,12,12,17,31,35,34,30,32,35,29,24,19,6,29,0,13,10,22,18,48,10,14,18,172,154,161,7,5,6,6,6,7,2,2,0,0,0,0,0,0,0,0,0,0,0,0,0,0,0,0,0,0,0,8,8,8,8,8,10,52,38,429,420,670,632,29961,29962,6586,706,682,684,691,689,677,672,667,662,660,660,653,638,626,604,594,569,937,929,1626,1626,1565,1540,1158,894,1484,1353,29966,29960,29969,29970,29969,0,29959,29958,29955,29945,29965,29969,29970,29971,29971,29973,29979,29978,29978,29978,29978,29979,29979,29980,29979,29979,29979,29979,29978,29978,29978,29979,29978,29979,29980,29976,29976,29977,29977,29978,29978,29979,29978,29970,29983,29984,29984,29985,29985,29984,29985,0,29985,29982,29986,29987,29987,29988,29989,29989,29990,29989,29989,29989]} 1. e4 c5 2. Nc3 e6 3. g3 Nc6 4. Nge2 d5 5. exd5 exd5 6. d4 Bg4 {White must now prevent ...cxd4.} 7. Bg2 {B23: Closed Sicilian: Lines without g3} Nxd4 8. h3 (8. O-O Nf6 9. h3 Bf3 10. Bxf3 Nxf3+ 11. Kg2 d4 12. Kxf3 Qd7 13. Kg2 O-O-O 14. Qd3 dxc3 15. Qxd7+ Rxd7 16. Nxc3 {0-1 (44) Cherniaev,A (2396)-Khismatullin,D (2607) Yekaterinburg 2019}) 8... Bf3 9. Kf1 $1 {The position is equal.} Nf6 10. Bxf3 Nxf3 11. Nf4 Ne5 $146 {[%cal Bf3e5,Be5c6,Bc6d4,Bd4e2][%mdl 32]} ({Predecessor:} 11... Nd4 12. Be3 Bd6 13. Bxd4 cxd4 14. Qxd4 Bxf4 {1-0 (41) Merry,A (2440)-Villiers,T (2195) Basingstoke 2019}) 12. Qe2 Bd6 $1 {Black wants to play ...d4.} 13. Nfxd5 Nxd5 14. Nxd5 O-O 15. Kg2 Re8 16. Rd1 Nc6 17. Qg4 Nd4 18. c3 f5 19. Qg5 Be5 $2 (19... Bf8 $11 {and Black has nothing to worry.} 20. Qxd8 Raxd8) 20. Qxd8 $18 Raxd8 21. Ne3 $2 (21. cxd4 $18 Rxd5 22. Re1 {[%mdl 64] Pin}) 21... Ne2 $11 22. Re1 Nxc1 23. Raxc1 g6 24. Rcd1 Bc7 25. a4 Kf7 26. Rxd8 Rxd8 {[%mdl 4096] Endgame KRB-KRN} 27. Nc4 Kf6 28. Kf3 b6 29. Ne3 Kf7 30. Rd1 Rxd1 31. Nxd1 {KB-KN} Be5 32. Ke2 Ke6 33. Kd3 h5 34. Kc4 g5 35. Kb5 Kd5 36. Ka6 g4 37. hxg4 fxg4 38. Kxa7 Bc7 $2 {[%mdl 8192]} (38... Kc6 $14) 39. Kb7 $18 Bd8 (39... Kd6 $142 40. Ne3 Bd8 41. Nc4+ Ke6) 40. Kc8 $1 {[%cal Rc8d8]} h4 41. Kxd8 {KN-KP} h3 42. Ne3+ Ke4 43. Nxg4 {KN-K3P} Kf3 44. Nh2+ Kg2 45. g4 $1 {[%cal Rg4g5]} Kxh2 {KP-KP} 46. g5 {Strongly threatening g6.} Kg2 47. g6 {aiming for g7.} h2 48. g7 h1=Q 49. g8=Q+ Kxf2 {And now ...Qa8+ would win. KQ-KQ} 50. Kc7 Qa1 51. Qb3 Ke3 52. Kxb6 c4 53. Qb5 Kd3 54. Qd5+ Kc2 55. Qxc4 Qxb2+ 56. Qb4 Qc1 57. Qe4+ Kb3 58. Qb4+ Kc2 59. c4 Qh6+ 60. Ka5 Qg5+ 61. c5 Qd8+ {[#]} 62. Qb6 $1 Qd2+ 63. Ka6 Qd4 64. a5 Qc4+ 65. Qb5 Qg8 66. Ka7 Qg7+ 67. Qb7 Qd4 68. Qc6 Qg7+ 69. Kb6 Qb2+ 70. Qb5 Qd4 71. Ka6 Qd8 72. Qc4+ Kb2 73. Qb4+ Kc2 74. c6 Qa8+ 75. Kb5 Qb8+ {[#]} 76. Ka4 $1 Qc7 77. Qc4+ Kb2 78. a6 Ka1 79. Qc1+ Ka2 80. Qc2+ Ka1 81. Qc1+ Ka2 82. Qa3+ {White mates.} Kb1 83. Qc5 Ka2 84. a7 Qc8 85. Kb5 Qa8 86. Qb6 Qe8 {[#]} 87. a8=R+ $1 {Accuracy: White = 74%, Black = 43%.} 1-0